| 000 | 00550nam a2200205Ia 4500 | ||
|---|---|---|---|
| 005 | 20250508151040.0 | ||
| 008 | 008 250505s9999 xx 000 0 eng d | ||
| 037 | _aTextual | ||
| 040 |
_aFEDL _beng _cFEDL |
||
| 041 |
_aeng _2eng |
||
| 084 |
_a330.54, ANS _qFEDL |
||
| 100 |
_aAnstey Vera _9123477 |
||
| 245 | 0 | _aEconomic development of India | |
| 250 | _a4th | ||
| 260 |
_aLondon, UK _bLongmans, Green and Co. _c1952 |
||
| 300 | _ax,675p. | ||
| 650 | _aEconomics | ||
| 942 |
_cTEXL _h330.54, ANS |
||
| 999 |
_c1327267 _d1327267 |
||